Normal view
MARC view
Entry Topical Term
001 - CONTROL NUMBER
- control field: 27613
003 - CONTROL NUMBER IDENTIFIER
- control field: ARRUPE
005 - DATE AND TIME OF LATEST TRANSACTION
- control field: 20161128122741.0
008 - FIXED-LENGTH DATA ELEMENTS
- fixed length control field: 161128|| aca||aabn | a|a d
040 ## - CATALOGING SOURCE
- Original cataloging agency: ARRUPE
- Transcribing agency: ARRUPE
150 ## - HEADING--TOPICAL TERM
- Topical term or geographic name as entry element: Oral tradition
- Geographic subdivision: Africa, Southern.
670 ## - SOURCE DATA FOUND
- Source citation: Work cat.: (ARRUPE)0: Bhebe, Ngwabi 16865, Oral tradition in Southern Africa /, c2002.